00179nam a2200061Ia 4500008004100000100002200041245005400063120527s9999 xx 000 0 und d aWorld Development aWorld Development Report 1993 investing in health